Statistiques concernant Harry Potter: le Grenier du Terrier

Cliquez ici pour prendre le quiz!

Statistiques générales

  • Ce quiz a été pris 34 fois
  • Le résultat moyen est 4 sur 5

Statistiques - réponses

InformationRéponses% Correct
Dernière apparitionHarry Potter et les Reliques de la Mort
96%
Première apparitionHarry Potter et la Chambre des secrets
93%
Localisation6eme étage du Terrier
79%
HabitanteGoule
75%
Moyen d'accèsTrappe
46%

Distribution des résultats

Percentile par nombre de réponses

% des personnes avec chaque résultat

Votre développement - résultats

Vous n’avez pas pris ce quiz